| 000 | 02333nam0a2200373 4500 | ||
|---|---|---|---|
| 001 | RU\NLR\BIBL_A\021971535 | ||
| 005 | 20230727172426.0 | ||
| 010 |
_a978-5-907710-81-8 _9500 |
||
| 021 |
_aRU _bКН-П-23-034443 _9КН-П-23-3411 |
||
| 035 | _a(NLR Aleph) 021971535 | ||
| 035 | _a(RuMoRGB)011813718 | ||
| 090 |
_a12363524 _c12363524 |
||
| 100 | _a20230630d2023 u y0rusy50 ca | ||
| 101 | 0 | _arus | |
| 102 | _aRU | ||
| 105 | _aa|||j||||||z| | ||
| 181 | 1 |
_ai3 _baxxe |
|
| 182 | 1 | _an | |
| 200 | 1 |
_aПромышленный железнодорожный транспорт: состояние и перспективы развития _eучебное пособие _eдля студентов специальности 23.05.04 "Эксплуатация железных дорог" _fН. П. Журавлев, И. П. Потапов, М. Ю. Савельев _gМинистерство транспорта Российской Федерации, Федеральное государственное автономное образовательное учреждение высшего образования "Российский университет транспорта", Институт управления и цифровых технологий, Кафедра "Железнодорожные станции и транспортные узлы" |
|
| 203 |
_aТекст _bвизуальный _cнепосредственный |
||
| 210 |
_aМосква _cРУТ (МИИТ) _d2023 |
||
| 215 |
_a144 с. _cцв. ил. _d21 |
||
| 320 | _aБиблиогр.: с. 141-144 (45 назв.) | ||
| 606 | 1 |
_aПромышленные железные дороги _jУчебные издания для высших учебных заведений _91033133 _3RU\NLR\AUTH\66396603 |
|
| 675 |
_a656.2.073(075.8) _v4 |
||
| 686 |
_a39.299я73 _2rubbks |
||
| 686 | 1 | _aО299я73-1 | |
| 700 | 1 |
_aЖуравлев _bН. П. _gНиколай Петрович |
|
| 701 | 1 |
_aПотапов _bИ. П. _gИлья Павлович |
|
| 701 | 1 |
_7ca _8rus _aСавельев _bМ. Ю. _cканд. техн. наук, железнодорожные перевозки _gМаксим Юрьевич _9232463 _3RU\NLR\AUTH\770232519 |
|
| 942 | _cBOOK | ||
| 980 | _aNB | ||